LEADER 01166nam a2200253 i 4500 001 991001736209707536 008 120420s2012 it 00 ita d 020 $a9788813318680 035 $ab14061557-39ule_inst 040 $aDip.to Scienze dell'economia$bita 082 0 $a343.45042$222 100 1 $aPuoti, Giovanni$0248976 245 13$aLa nuova riscossione tributaria :$bprocedure esecutive e di notificazione : impugnazione ed opposizione agli atti impositivi ed esecutivi /$cGiovanni Puoti, Bruno Cucchi, Federica Simonelli 260 $a[Padova] :$bCEDAM,$c2012 300 $axxvi, 562 p. ;$c24 cm 650 4$aTributi$xRiscossione 700 1 $aCucchi, Bruno$eauthor$4http://id.loc.gov/vocabulary/relators/aut$0262237 700 1 $aSimonelli, Federica$eauthor$4http://id.loc.gov/vocabulary/relators/aut$0438246 907 $a.b14061557$b28-01-14$c01-06-12 912 $a991001736209707536 945 $aLE025 ECO 343 PUO01.03$g1$i2025000259072$lle025$nProf. Paparella$o-$pE49.00$q-$rl$s- $t0$u1$v0$w1$x0$y.i15434941$z18-07-12 996 $aNuova riscossione tributaria$91396263 997 $aUNISALENTO 998 $ale025$b01-06-12$cm$da $e-$fita$git $h3$i0 LEADER 01532nam0 2200337 i 450 001 TO00331707 005 20251003044404.0 010 $a8814050341 020 $aIT$b95-10205 100 $a20130827d1995 ||||0itac50 ba 101 | $aita 102 $ait 181 1$6z01$ai $bxxxe 182 1$6z01$an 200 1 $aˆLe ‰imposte indirette sugli affari$fEnrico Potito 210 $aMilano$cA. Giuffrè$d1995 215 $a212 p.$d24 cm. 606 $aImposte indirette$2FIR$3SBLC133244$9I 676 $a343.05$9DIRITTO RELATIVO A SPECIFICI TIPI D'IMPOSTA.$v12 676 $a343.45055$9IMPOSTE INDIRETTE. ITALIA$v21 700 1$aPotito$b, Enrico$3CFIV112340$4070$0110176 801 3$aIT$bIT-000000$c20130827 850 $aIT-BN0095 $aIT-NA0070 901 $bNAP 01$cLT $n$ 901 $bNAP BU$c5 B $nPropedeutica. Formato cm. 20,1-28. 901 $bNAP 01$cPOZZO LIB.$nVi sono collocati fondi di economia, periodici di ingegneria e scienze, periodici di economia e statistica e altri fondi comprendenti documenti di economia pervenuti in dono. 912 $aTO00331707 950 0$aBiblioteca Centralizzata di Ateneo$c1 v.$d 01LT (AR) 20 B 858$e 01AR 0700208585 VMA 1 v.$fB $h20140409$i20140409$c1 v.$d 01POZZO LIB.ECON MON 4358$e 0101 0000126355E VMA 1 v.$fB $h20210319$i20210319 977 $a 01$a BU 996 $aImposte indirette sugli affari$9443421 997 $aUNISANNIO